[Event "Basingstoke 4NCL Spring Bank 2nd"]
[Site "Basingstoke"]
[Date "2019.05.25"]
[Round "2"]
[White "Nettleton, Charlie"]
[Black "Royal, Shreyas"]
[Result "1/2-1/2"]
[WhiteElo "2064"]
[BlackElo "1993"]
[PlyCount "64"]
[EventDate "2019.05.24"]
[EventType "swiss"]
[EventRounds "7"]
[EventCountry "ENG"]
[SourceTitle "CBM 190 Extra"]
[Source "ChessBase"]
[SourceDate "2019.07.15"]
[SourceVersion "1"]
[SourceVersionDate "2019.07.15"]
[SourceQuality "1"]

1. d4 Nf6 2. Bg5 e6 3. e4 h6 4. Bxf6 Qxf6 5. c3 d6 6. Bd3 g6 7. Ne2 Bg7 8. 0-0 0-0 9. f4 Nd7 10. Nd2 Qe7 11. e5 Rd8 12. Nf3 c5 13. Ng3 dxe5 14. fxe5 c4 15. Bxc4 Nxe5 16. Nxe5 Bxe5 17. Qf3 Bg7 18. Rae1 Rf8 19. Bd3 Rb8 20. Ne4 Bd7 21. Nf6+ Bxf6 22. Qxf6 Qxf6 23. Rxf6 Kg7 24. Ref1 Bc6 25. b4 b5 26. a3 Bd5 27. h4 Rbc8 28. Kh2 Bc4 29. Bxc4 Rxc4 30. R1f3 Rc7 31. g4 Rd8 32. R6f4 Rd5 1/2-1/2

[Event "Bunratty Masters 26th"]
[Site "Bunratty"]
[Date "2019.02.24"]
[Round "5"]
[White "Nettleton, Charlie"]
[Black "Byrne, Alex"]
[Result "1/2-1/2"]
[WhiteElo "2064"]
[BlackElo "1967"]
[PlyCount "116"]
[EventDate "2019.02.22"]
[EventType "swiss"]
[EventRounds "6"]
[EventCountry "IRL"]
[SourceTitle "EXT 2024"]
[Source "ChessBase"]
[SourceDate "2023.10.10"]
[SourceVersion "1"]
[SourceVersionDate "2023.10.10"]
[SourceQuality "1"]

1. e4 e6 2. Nf3 c5 3. c3 d5 4. exd5 Qxd5 5. d4 Nf6 6. Bd3 Be7 7. 0-0 b6 8. Na3 Nc6 9. Bf4 Bb7 10. Nb5 0-0-0 11. Qa4 Nh5 12. c4 Qd7 13. Ne5 Qe8 14. Nxc6 Nxf4 15. Nbxa7+ Kc7 16. Nb5+ Kc8 17. Be4 Rd7 18. Qa7 Bxc6 19. Bxc6 Rxa7 20. Nxa7+ Kc7 21. Bxe8 Rxe8 22. Nb5+ Kc6 23. Rad1 Bf6 24. dxc5 Kxc5 25. b3 Ra8 26. a3 Ne2+ 27. Kh1 Nd4 28. Nxd4 Bxd4 29. a4 e5 30. f3 Kb4 31. Rd3 Rd8 32. g4 g6 33. g5 h6 34. h4 hxg5 35. hxg5 Rh8+ 36. Kg2 Kc5 37. Rh1 Re8 38. Rh4 f5 39. gxf6 Rf8 40. Rh7 Rxf6 41. Rd7 Kb4 42. Rd5 Ka3 43. a5 Kb2 44. Kf1 bxa5 45. Rxa5 Rf5 46. Ke2 Rh5 47. b4 Rh2+ 48. Kf1 Rf2+ 49. Ke1 Rc2 50. c5 Bc3+ 51. Kf1 Rc1+ 52. Kf2 Kb3 53. c6 Kxb4 54. Rxc3 Rxc3 55. Rxe5 Rxc6 56. Kg3 Kc4 57. Kg4 Kd4 58. f4 Ra6 1/2-1/2

[Event "Hastings Masters op 94th"]
[Site "Hastings"]
[Date "2019.01.06"]
[Round "10"]
[White "Villiers, Thomas"]
[Black "Nettleton, Charlie"]
[Result "1-0"]
[WhiteElo "2226"]
[BlackElo "2050"]
[PlyCount "91"]
[EventDate "2018.12.28"]
[EventType "swiss"]
[EventRounds "10"]
[EventCountry "ENG"]
[SourceTitle "CBM 188 Extra"]
[Source "ChessBase"]
[SourceDate "2019.02.28"]
[SourceVersion "1"]
[SourceVersionDate "2019.02.28"]
[SourceQuality "1"]

1. Nf3 d5 2. c4 c6 3. b3 Nf6 4. Bb2 Bf5 5. e3 e6 6. Be2 h6 7. Nc3 Nbd7 8. 0-0 Bd6 9. d4 Ne4 10. Nxe4 Bxe4 11. Nd2 Bf5 12. Bf3 0-0 13. Re1 a5 14. e4 dxe4 15. Nxe4 Bb4 16. Re3 Nf6 17. Nc5 Bxc5 18. dxc5 Qxd1+ 19. Rxd1 Rfd8 20. Ree1 Ne8 21. Bc3 a4 22. b4 Bc2 23. Rxd8 Rxd8 24. Rc1 Bf5 25. b5 Rc8 26. Be5 f6 27. Bb2 e5 28. g4 Be6 29. h3 Kf7 30. Ba3 g6 31. Rc3 f5 32. Bc1 e4 33. Bd1 cxb5 34. cxb5 Bxa2 35. gxf5 gxf5 36. Bxa4 h5 37. Bf4 Ke7 38. c6 b6 39. Be3 Nc7 40. Bxb6 Nd5 41. Bc5+ Kd8 42. Rg3 Nf4 43. Kh2 Nd3 44. Bd6 f4 45. Rg7 Ra8 46. b6 1-0

[Event "Hastings Masters op 94th"]
[Site "Hastings"]
[Date "2019.01.02"]
[Round "6"]
[White "Nettleton, Charlie"]
[Black "Kalavannan, Koby"]
[Result "0-1"]
[WhiteElo "2050"]
[BlackElo "2339"]
[PlyCount "54"]
[EventDate "2018.12.28"]
[EventType "swiss"]
[EventRounds "10"]
[EventCountry "ENG"]
[SourceTitle "CBM 188 Extra"]
[Source "ChessBase"]
[SourceDate "2019.02.28"]
[SourceVersion "1"]
[SourceVersionDate "2019.02.28"]
[SourceQuality "1"]

1. d4 Nf6 2. Bg5 Ne4 3. h4 c5 4. dxc5 Nc6 5. Qd5 Nxg5 6. hxg5 e6 7. Qd3 Qxg5 8. Nc3 Qxc5 9. Nf3 d5 10. e4 dxe4 11. Nxe4 Qb4+ 12. c3 Qxb2 13. Rd1 Be7 14. Be2 h6 15. Rh5 f5 16. Nd4 fxe4 17. Qxe4 Qxc3+ 18. Kf1 Nxd4 19. Rxd4 0-0 20. Bd3 Qc1+ 21. Ke2 Qb2+ 22. Bc2 Rf5 23. g4 Rxh5 24. Qh7+ Kf8 25. Rf4+ Rf5 26. Qh8+ Kf7 27. Rxf5+ exf5 0-1

[Event "London Classic op 10th"]
[Site "London"]
[Date "2018.12.15"]
[Round "7"]
[White "Jukes, Sam"]
[Black "Nettleton, Charlie"]
[Result "0-1"]
[WhiteElo "1888"]
[BlackElo "2059"]
[PlyCount "50"]
[EventDate "2018.12.09"]
[EventType "swiss"]
[EventRounds "9"]
[EventCountry "ENG"]
[SourceTitle "CBM 187 Extra"]
[Source "ChessBase"]
[SourceDate "2018.11.04"]
[SourceVersion "1"]
[SourceVersionDate "2018.11.04"]
[SourceQuality "1"]

1. e4 c5 2. Nf3 g6 3. d4 cxd4 4. Nxd4 Nc6 5. Nc3 Bg7 6. Be3 Nf6 7. Bc4 0-0 8. Qd2 Ng4 9. Nxc6 bxc6 10. Bd4 Bxd4 11. Qxd4 Qb6 12. Qxb6 axb6 13. f4 Ne3 14. Bb3 Nxg2+ 15. Kd2 Nxf4 16. Raf1 Nh5 17. Rhg1 d6 18. Bc4 Ba6 19. Bxa6 Rxa6 20. Rf5 Ng7 21. Rfg5 Ne6 22. R5g4 Ra5 23. h4 Kg7 24. R4g3 Re5 25. Nd1 Nc5 0-1